Statistics for Suffixes All the Way Down Click Chain

Click here to take the quiz!

General Stats

  • This quiz has been taken 477 times
  • The average score is 9 of 16

Answer Stats

HintAnswer% Correct
Porcu...Pine
99%
2.Apple
80%
3.Jack
69%
5.Head
64%
4.Hammer
62%
6.Wind
55%
11.Box
48%
16.Manship
47%
7.Sock
47%
15.Marks
46%
9.Brow
45%
12.Car
45%
13.Pool
45%
10.Beat
44%
8.Eye
42%
14.Hall
42%

Score Distribution

Percentile by Number Answered

Percent of People with Each Score

Your Score History

You have not taken this quiz